000 00800nam a2200217Ia 4500
003 GCL
008 140319s9999 xx 000 0 ara d
040 _aGCL /
_cGCL
082 0 4 _a296
_bع ى
100 1 _aعلى عبدالواحد وافى
245 1 0 _aاليهودية واليهود: بحث فى ديانة اليهود وتاريخهم ونظامهم الاجتماعى والاقتصادى /
_cعلى عبدالواحد وافى
260 _a[S.N] :
_bنهضة مصر للطباعة والنشر والتوزيع
300 _a167 ص
490 _a
650 0 4 _aتاريخ
650 0 4 _aالاحوال الاجتماعية
650 0 4 _aاليهودية
650 0 4 _aالاحوال الاقتصادية
650 0 4 _aحركات الاصلاح والتجديد
942 _2ddc
_cBK
999 _c31393
_d31393